000
00339nam a22001577a 4500
003
SGT
020
_a
9789351521549
082
_a
150
_b
P14A
100
_a
ANTHIKAD, JACOB
245
_a
PSYCHOLOGY FOR GRADUATE NURSES
250
_a
5TH
260
_a
INDIA
_b
JAYPEE
_c
2014
300
_a
356
650
_a
PSYCHOLOGY
942
_2
ddc
_c
BK
_0
12
999
_c
21890
_d
21890